La comida china.
Saved in:
| Hovedforfatter: | |
|---|---|
| Andre forfattere: | |
| Format: | Bog |
| Sprog: | spansk |
| Udgivet: |
[Beijing, China]:
China Intercontinental Press,
2011.
|
| Serier: | Series de China Cultural.
|
| Fag: | |
| Tags: |
Tilføj Tag
Ingen Tags, Vær først til at tagge denne postø!
|
MARC
| LEADER | 00000nam a22000007a 4500 | ||
|---|---|---|---|
| 003 | CL-VaPUC | ||
| 005 | 20250117103123.0 | ||
| 008 | 250103t2011 ||||| |||| 00| 0 spa d | ||
| 999 | |c 446363 |d 446361 | ||
| 020 | |a 978-75085-2090-2 | ||
| 040 | |c Pontificia Universidad Católica de Valparaíso | ||
| 082 | |2 22 |a 641.5951 JUN 2011 | ||
| 100 | |9 895038 |a Liu, Junru |e autor | ||
| 245 | |a La comida china. | ||
| 260 | |a [Beijing, China]: |b China Intercontinental Press, |c 2011. | ||
| 300 | |a 162 páginas: |b ilustraciones. | ||
| 490 | |a Series de China Cultural. | ||
| 500 | |a c.1 Donación del Profesor Ricardo Iglesias Segura (Director). Memo HIS N°26. 20-12-2024. | ||
| 583 | |c 20250103 |k Yessy Sthefany Diaz Vidal | ||
| 650 | 0 | |9 328037 |a Cocina |z China |v Historia social | |
| 650 | 0 | |9 259654 |a Hábitos alimenticios |z China |x Costumbres, tradiciones, etc. | |
| 700 | |9 895039 |a Hongkun, Guo |e traductor | ||
| 942 | |2 ddc |c BK | ||
| 952 | |0 0 |1 0 |2 ddc |4 0 |6 641_595100000000000_JUN_2011 |7 0 |8 A |9 598822 |a BIBHIS |b BIBHIS |d 2025-01-03 |e Donación |i 5663750 |o 641.5951 JUN 2011 |p 5663750 |r 2025-01-03 |t 1 |w 2025-01-03 |y BK |k HIS | ||